MARC

LEADER 00000nam0a2200000 4500
001 698
005 20231030172705.0
010 |a 5343016162 
035 |a (RuTPU)RU\TPU\book\702 
035 |a BOOK00000703 
090 |a 698 
100 |a 20011209d1996 km y0rusy50 ca 
101 0 |a rus 
102 |a BY 
105 |a y z 000zy 
200 1 |a Обработка деталей машин в магнитном поле  |f Л. М. Кожуро, Б. П. Чемисов  |g под ред. Н. Н. Подлекарева 
210 |a Минск  |c Наука и техника  |d 1995 
215 |a 232 с. 
610 1 |a детали машин 
610 1 |a абразивная обработка в магнитном поле 
610 1 |a электромагнитная наплавка 
610 1 |a магнитно-абразивная обработка 
675 |a 621.923.04  |v 3 
700 1 |a Кожуро  |b Л. М.  |g Лев Михайлович 
701 1 |a Чемисов  |b Б. П.  |g Борис Павлович 
702 1 |a Подлекарев  |b Н. Н.  |4 340 
801 0 |a RU  |b 63413507  |c 20011209  |g PSBO 
801 2 |a RU  |b 63413507  |c 20060623  |g PSBO 
942 |c BK